[Event "CHN Team Women 2016"]
[Site "Wuxi CHN"]
[Date "2016.08.01"]
[Round "6.6"]
[Board "3"]
[White "Chen, Junping"]
[Black "Bai, Xue"]
[Result "0-1"]
[WhiteElo "1817"]
[BlackElo "1762"]
[WhiteTeam "Guangdong"]
[BlackTeam "Henan Qixie"]
[WhiteFideId "8607001"]
[BlackFideId "8608717"]
[EventDate "2016.07.28"]

1. d4 Nf6 2. c4 g6 3. Nc3 Bg7 4. e4 d6 5. f3 O-O 6. Be3 e5 7. Bd3 exd4 8. Bxd4
Nc6 9. Be3 Nd7 10. Rc1 Nde5 11. b3 Nxd3+ 12. Qxd3 f5 13. Nge2 fxe4 14. Nxe4 Bf5
15. O-O Qe7 16. Bg5 Bxe4 17. Qe3 Qe5 18. fxe4 Rxf1+ 19. Rxf1 Re8 20. Ng3 Qd4 21.
Kf2 Rf8+ 22. Ke2 Qb2+ 23. Qd2 Qxd2+ 24. Kxd2 Be5 25. Rxf8+ Kxf8 26. Ne2 Kf7 27.
Bf4 Ke6 28. Ke3 Nb4 29. Bxe5 Kxe5 30. Nc3 Nc2+ 31. Kd2 Nd4 32. Kd3 Ne6 33. Ke3
c6 34. Ne2 a5 35. Nc3 Nc5 36. g3 h6 37. Ne2 Nxe4 38. a3 Nc5 39. b4 axb4 40. axb4
Na6 41. Nf4 Kf5 42. Nd3 Kg4 43. Nf2+ Kf5 44. Nd3 h5 45. Kd4 Kg4 46. b5 cxb5 47.
cxb5 Nc7 48. Nf2+ Kf3 49. b6 Nb5+ 50. Kc4 Na3+ 51. Kb3 Kxf2 52. Kxa3 Kg2 0-1

[Event "CHN Team Women 2016"]
[Site "Wuxi CHN"]
[Date "2016.08.01"]
[Round "6.7"]
[Board "1"]
[White "Yao, Lan"]
[Black "Xu, Fei"]
[Result "1-0"]
[WhiteElo "2131"]
[BlackElo "1937"]
[WhiteTeam "Qingdao"]
[BlackTeam "Heilongjiang Qipai"]
[WhiteFideId "8610835"]
[BlackFideId "8606099"]
[EventDate "2016.07.28"]

1. e4 c5 2. Nf3 d6 3. d4 cxd4 4. Nxd4 Nf6 5. Nc3 a6 6. Be2 e5 7. Nb3 Be7 8. O-O
O-O 9. Be3 Be6 10. Nd5 Nbd7 11. Qd3 Bxd5 12. exd5 Rc8 13. c4 Ne8 14. Qd2 b6 15.
f4 f5 16. Rac1 g6 17. Rfd1 Ndf6 18. Bf3 a5 19. a4 Nd7 20. Qe1 Qc7 21. Kh1 Qb8
22. Rc2 Kh8 23. Nc1 Bf6 24. b4 exf4 25. Bxf4 g5 26. Be3 Ne5 27. Be2 f4 28. Bd4
Qc7 29. bxa5 bxa5 30. c5 Ng7 31. c6 Nf5 32. Bg1 Ra8 33. Nd3 Qg7 34. Nxe5 Bxe5
35. Bg4 Ng3+ 36. hxg3 fxg3 37. Be3 Qh6+ 38. Bh3 Qg6 39. Rc4 h5 40. Be6 g4 41.
Bd4 Qg5 42. Bxe5+ dxe5 43. Qxg3 1-0

[Event "CHN Team Women 2016"]
[Site "Wuxi CHN"]
[Date "2016.08.01"]
[Round "6.7"]
[Board "2"]
[White "Hu, Yu A."]
[Black "Hong, Xing"]
[Result "1/2-1/2"]
[WhiteElo "1934"]
[BlackElo "2002"]
[WhiteTeam "Heilongjiang Qipai"]
[BlackTeam "Qingdao"]
[WhiteFideId "8609993"]
[BlackFideId "8606129"]
[EventDate "2016.07.28"]

1. e4 c5 2. Nf3 d6 3. d4 cxd4 4. Nxd4 Nf6 5. Nc3 a6 6. Be3 e5 7. Nb3 Be6 8. f3
Nbd7 9. g4 Nb6 10. g5 Nh5 11. Qd2 Be7 12. Na5 Qc7 13. O-O-O O-O 14. Kb1 Rac8 15.
Bd3 g6 16. Rhg1 Rfd8 17. Bxb6 Qxb6 18. Nd5 Bxd5 19. exd5 Nf4 20. Nb3 Nxd5 21.
Bxg6 Ne3 22. Rde1 hxg6 23. Rxe3 Rc4 24. Ree1 Rdc8 25. c3 a5 26. Qe3 Qb5 27. Ka1
a4 28. Nd2 R4c6 29. c4 Qa5 30. a3 b5 31. cxb5 Qxb5 32. Ne4 Rc2 33. Rb1 Qb3 34.
Qa7 R2c7 35. Qf2 Kg7 36. f4 Rc2 37. Qa7 R8c7 38. Qa8 Qb7 39. Qxb7 Rxb7 40. fxe5
dxe5 41. Nc3 Rxh2 42. Nxa4 Ra7 43. Rg4 Rh3 44. Ka2 Re3 45. Nc3 1/2-1/2

[Event "CHN Team Women 2016"]
[Site "Wuxi CHN"]
[Date "2016.08.01"]
[Round "6.7"]
[Board "3"]
[White "Ha, Yihan"]
[Black "Jiang, Zhaoyi"]
[Result "1-0"]
[BlackTitle "WCM"]
[WhiteElo "1355"]
[BlackElo "1835"]
[WhiteTeam "Qingdao"]
[BlackTeam "Heilongjiang Qipai"]
[WhiteFideId "8617120"]
[BlackFideId "8611050"]
[EventDate "2016.07.28"]

1. d4 Nf6 2. c4 e6 3. Nf3 b6 4. g3 Bb7 5. Bg2 Be7 6. O-O O-O 7. Nc3 d5 8. Ne5
Nbd7 9. Nxd7 Qxd7 10. Bg5 h6 11. Bxf6 Bxf6 12. e3 Rfd8 13. Rc1 Rac8 14. cxd5
exd5 15. Qh5 Ra8 16. Bh3 Qe7 17. Rfd1 g6 18. Qe2 Bg7 19. a3 a5 20. Bg2 Qd7 21.
Qc2 Rac8 22. Qb3 Qe6 23. Ne2 g5 24. Nc3 Ba8 25. Bf3 Rd7 26. Na4 Rd6 27. Rc2 Bf6
28. Rdc1 Bd8 29. Be2 Bc6 30. Nc3 Kg7 31. Nb5 Bxb5 32. Bxb5 Qf5 33. Rc6 Rf6 34.
Rxf6 Bxf6 35. Ba6 Ra8 36. Bb7 Rd8 37. Rxc7 Qb1+ 38. Kg2 a4 39. Qc2 Qxc2 40. Rxc2
Be7 41. Rc6 1-0

[Event "CHN Team Women 2016"]
[Site "Wuxi CHN"]
[Date "2016.08.02"]
[Round "7.1"]
[Board "1"]
[White "Du, Yuxin"]
[Black "Ju, Wenjun"]
[Result "0-1"]
[BlackTitle "GM"]
[WhiteElo "2086"]
[BlackElo "2578"]
[WhiteTeam "Shenzhen Qiyuan"]
[BlackTeam "Shanghai"]
[WhiteFideId "8610282"]
[BlackFideId "8603006"]
[EventDate "2016.07.28"]

1. e4 c5 2. Nf3 Nc6 3. Bb5 d6 4. d4 cxd4 5. Qxd4 Bd7 6. Bxc6 Bxc6 7. Nc3 e5 8.
Qd3 h6 9. Nd2 f5 10. Qh3 fxe4 11. Qh5+ Kd7 12. Ndxe4 Qe8 13. Qe2 d5 14. Qd3 Qe6
15. O-O Rd8 16. Be3 d4 17. Bd2 Nf6 18. f3 Kc8 19. Ne2 Kb8 20. c3 Qe8 21. Nxf6
gxf6 22. cxd4 Bb5 23. Qe4 f5 24. Qe3 exd4 25. Qxe8 Rxe8 26. Bf4+ Ka8 27. Nxd4
Bxf1 28. Kxf1 Bg7 29. Nxf5 Bxb2 30. Rb1 Be5 31. Bxe5 Rxe5 32. g4 a5 33. Kf2 b5
34. Rb2 b4 35. f4 Rc5 36. Ne3 Rb8 37. f5 a4 38. h4 b3 39. axb3 Rxb3 40. Ra2 a3
41. Ra1 Rcc3 42. Nd5 Rc2+ 0-1

[Event "CHN Team Women 2016"]
[Site "Wuxi CHN"]
[Date "2016.08.02"]
[Round "7.1"]
[Board "2"]
[White "Ni, Shiqun"]
[Black "Xu, Yuze"]
[Result "0-1"]
[WhiteTitle "WGM"]
[WhiteElo "2389"]
[BlackElo "1820"]
[WhiteTeam "Shanghai"]
[BlackTeam "Shenzhen Qiyuan"]
[WhiteFideId "8608466"]
[BlackFideId "8614466"]
[EventDate "2016.07.28"]

1. e4 c5 2. Nf3 Nc6 3. Bb5 e6 4. O-O Nge7 5. Re1 Nd4 6. Nxd4 cxd4 7. c3 a6 8.
Ba4 b5 9. Bb3 Nc6 10. d3 Bc5 11. Qf3 Qf6 12. Qxf6 gxf6 13. Kf1 Ke7 14. f4 a5 15.
a3 Ba6 16. Ke2 Rhg8 17. g3 b4 18. c4 Bb7 19. Ba4 Na7 20. Nd2 Bc6 21. Nb3 d6 22.
axb4 axb4 23. Bd2 Kd7 24. Ra2 Bxa4 25. Rxa4 Nc6 26. Rea1 Rxa4 27. Rxa4 Rb8 28.
Kf3 Ke7 29. Be1 Kf8 30. Ra6 Rc8 31. g4 Kg7 32. h3 Kg8 33. Ke2 Kg7 34. Bg3 Kf8
35. Kd1 Kg7 36. Kc2 e5 37. Na5 b3+ 38. Kxb3 Rb8+ 39. Ka4 Rb4+ 40. Ka3 Rb6+ 0-1

[Event "CHN Team Women 2016"]
[Site "Wuxi CHN"]
[Date "2016.08.02"]
[Round "7.1"]
[Board "3"]
[White "Wan, Qian"]
[Black "Zhang, Xiaowen"]
[Result "0-1"]
[BlackTitle "WGM"]
[WhiteElo "1637"]
[BlackElo "2364"]
[WhiteTeam "Shenzhen Qiyuan"]
[BlackTeam "Shanghai"]
[WhiteFideId "8614296"]
[BlackFideId "8603219"]
[EventDate "2016.07.28"]

1. e4 e6 2. d4 d5 3. Nc3 Nf6 4. Bg5 Be7 5. e5 Nfd7 6. Bxe7 Qxe7 7. Nf3 a6 8. Bd3
c5 9. dxc5 Nxc5 10. O-O Nc6 11. Re1 O-O 12. a3 b5 13. Ne2 f6 14. exf6 Qxf6 15.
b4 Nd7 16. Ng3 e5 17. Bf1 Nb6 18. Nh1 Bb7 19. Be2 Rad8 20. Nd2 Nd4 21. Nf1 Qg6
22. Ne3 Nxe2+ 23. Qxe2 d4 24. Ng4 h5 25. Qxe5 Qxg4 26. Ng3 h4 27. h3 Qg6 28. Qh5
Qxc2 29. Qe2 Qxe2 30. Nxe2 Nc4 31. Red1 d3 32. Nc1 d2 33. Nb3 Rfe8 34. Kf1 Be4 0-1

[Event "CHN Team Women 2016"]
[Site "Wuxi CHN"]
[Date "2016.08.02"]
[Round "7.2"]
[Board "1"]
[White "Qiu, Mengjie"]
[Black "Xiao, Yiyi"]
[Result "0-1"]
[WhiteTitle "WFM"]
[BlackTitle "WFM"]
[WhiteElo "2231"]
[BlackElo "2292"]
[WhiteTeam "Zhejiang Feiao"]
[BlackTeam "Tianjing Chunhua"]
[WhiteFideId "8606137"]
[BlackFideId "8606161"]
[EventDate "2016.07.28"]

1. e4 e5 2. Nf3 Nc6 3. Bb5 Nf6 4. O-O Nxe4 5. Re1 Nd6 6. Nxe5 Be7 7. Bf1 O-O 8.
d4 Nf5 9. d5 Nxe5 10. Rxe5 d6 11. Re1 Nh4 12. Nc3 Bf6 13. Ne4 Bf5 14. Qh5 Bg6
15. Qg4 Bf5 16. Qh5 Bxe4 17. Rxe4 Re8 18. Bd3 Ng6 19. c3 Rxe4 20. Bxe4 Qe7 21.
f3 Re8 22. Bd2 Qd7 23. Re1 Qb5 24. Bc1 Qb6+ 25. Kf1 Qa6+ 26. Kf2 Qb6+ 27. Kf1
Qb5+ 28. Kf2 Nf8 29. f4 Qc5+ 30. Be3 Qc4 31. Bb1 Qb5 32. Re2 Bxc3 33. Bxa7 Bxb2
34. Rxe8 Qxe8 35. Qe2 Qa4 36. Qxb2 Qxa7+ 37. Kf3 g6 38. Qb5 Qa3+ 39. Kg4 h5+ 40.
Kh4 Qc1 41. g3 b6 42. a4 Nh7 43. Bd3 Qh1 44. h3 Nf6 45. Kg5 Kg7 46. Qb2 Qxd5+
47. f5 Qxd3 48. Qxf6+ Kg8 49. Qd8+ Kh7 50. f6 Qxg3# 0-1

[Event "CHN Team Women 2016"]
[Site "Wuxi CHN"]
[Date "2016.08.02"]
[Round "7.2"]
[Board "2"]
[White "Zhang, Lanlin"]
[Black "Zhu, Jiner"]
[Result "1-0"]
[WhiteElo "2150"]
[BlackElo "2177"]
[WhiteTeam "Tianjing Chunhua"]
[BlackTeam "Zhejiang Feiao"]
[WhiteFideId "8608032"]
[BlackFideId "8608059"]
[EventDate "2016.07.28"]

1. e4 c5 2. Nf3 d6 3. d4 Nf6 4. Nc3 cxd4 5. Nxd4 a6 6. Be2 e6 7. O-O Qc7 8. f4
Be7 9. Kh1 O-O 10. Qe1 b5 11. a3 Bb7 12. Bf3 Nbd7 13. Qg3 Nc5 14. Re1 Rfd8 15.
f5 e5 16. Bh6 Bf8 17. Nb3 Re8 18. Bg5 Be7 19. Nd2 Kh8 20. Nf1 Qd8 21. Bxf6 Bxf6
22. Red1 Bh4 23. Qg4 Bf2 24. Ng3 Bd4 25. Nge2 Bxc3 26. Nxc3 Qc7 27. Qh4 Rad8 28.
f6 g6 29. Rd2 Rg8 30. Rf1 g5 31. Qe1 g4 32. Bd1 Rg6 33. Rf5 Ne6 34. Qh4 Rdg8 35.
Rh5 Nf8 36. Be2 Qb6 37. Bd3 b4 38. axb4 Qxb4 39. Rd1 Qxb2 40. Nd5 Bxd5 41. exd5
Qd4 42. Re1 Qxd5 43. Bxg6 Rxg6 44. Rg5 Qd2 45. Rxg6 Nxg6 46. Rb1 h6 47. Qxg4
Qxc2 48. Rf1 e4 49. Qxg6 fxg6 1-0

[Event "CHN Team Women 2016"]
[Site "Wuxi CHN"]
[Date "2016.08.02"]
[Round "7.2"]
[Board "3"]
[White "Huang, Mofei"]
[Black "Liu, Hongyan"]
[Result "0-1"]
[WhiteElo "1963"]
[BlackElo "2071"]
[WhiteTeam "Zhejiang Feiao"]
[BlackTeam "Tianjing Chunhua"]
[WhiteFideId "8609535"]
[BlackFideId "8604789"]
[EventDate "2016.07.28"]

1. d4 d5 2. Nf3 Nf6 3. c4 e6 4. e3 c6 5. Nc3 Nbd7 6. Qc2 Bd6 7. e4 dxe4 8. Nxe4
Nxe4 9. Qxe4 c5 10. Bd2 Nf6 11. Qd3 cxd4 12. Nxd4 O-O 13. Nb5 Be7 14. Qxd8 Rxd8
15. Nc7 Rb8 16. Nb5 a6 17. Nc3 e5 18. Be2 Be6 19. Rd1 Rbc8 20. b3 Bb4 21. Nb1
Rxd2 22. Rxd2 Ne4 23. a3 Nxd2 24. Nxd2 Bc3 25. Bd3 Rd8 26. Ke2 Bxd2 27. Rd1 Ba5
28. f3 f5 29. b4 Bc7 30. c5 e4 31. fxe4 fxe4 32. Bxe4 Bg4+ 33. Bf3 Bxf3+ 34.
gxf3 Rxd1 35. Kxd1 Bxh2 0-1

[Event "CHN Team Women 2016"]
[Site "Wuxi CHN"]
[Date "2016.08.02"]
[Round "7.3"]
[Board "1"]
[White "Guo, Qi"]
[Black "Ren, Xiaoyi"]
[Result "1/2-1/2"]
[WhiteTitle "IM"]
[WhiteElo "2417"]
[BlackElo "2202"]
[WhiteTeam "Jiangsu Lvyang"]
[BlackTeam "Chengdu"]
[WhiteFideId "8604002"]
[BlackFideId "8608709"]
[EventDate "2016.07.28"]

1. d4 Nf6 2. Nf3 g6 3. Nbd2 d5 4. e3 Bg7 5. b4 O-O 6. c4 c6 7. Bb2 Bf5 8. Be2 a5
9. b5 dxc4 10. Bxc4 cxb5 11. Bxb5 Qb6 12. a4 Rc8 13. O-O Na6 14. Ba3 Nd5 15. Nc4
Qd8 16. Qb3 Nac7 17. Rfc1 Nxb5 18. Qxb5 Bd3 19. Nfd2 Rc7 20. Qb3 Bxc4 21. Rxc4
e6 22. Rb1 Rac8 23. Rxc7 Rxc7 24. Nc4 Bf8 25. Bxf8 Qxf8 26. Nxa5 Qc8 27. Qd3 Nc3
28. Rf1 Nxa4 29. g3 Nc3 30. Nb3 b6 31. h4 h5 32. Ra1 Qb7 33. Qa6 Qxa6 34. Rxa6
Ne4 35. Ra2 Rc3 36. Rb2 b5 37. Kg2 Kf8 38. Nd2 Nxd2 39. Rxd2 Rb3 40. Ra2 Ke7 41.
Ra7+ Kf6 42. Rb7 Rb2 43. Kf3 b4 44. e4 Rb3+ 45. Kf4 Rb2 46. f3 b3 47. e5+ Kg7
48. d5 exd5 49. e6 Re2 50. Rxf7+ Kg8 51. Rb7 b2 52. Kg5 Rxe6 53. Rxb2 Kf7 54.
Rd2 Re5+ 55. Kf4 Kf6 56. Ra2 Re6 57. Ra8 Rb6 58. Rf8+ Ke7 59. Rg8 Kf6 60. Rf8+
Ke7 61. Ra8 Kf6 62. Ra4 Rc6 63. Ra5 Rc4+ 64. Ke3 Rc3+ 65. Kf4 Rc4+ 66. Ke3 Rc3+ 1/2-1/2

[Event "CHN Team Women 2016"]
[Site "Wuxi CHN"]
[Date "2016.08.02"]
[Round "7.3"]
[Board "2"]
[White "Nie, Xin"]
[Black "Yuan, Ye"]
[Result "0-1"]
[WhiteElo "2078"]
[BlackElo "2175"]
[WhiteTeam "Chengdu"]
[BlackTeam "Jiangsu Lvyang"]
[WhiteFideId "8605610"]
[BlackFideId "8608415"]
[EventDate "2016.07.28"]

1. d4 Nf6 2. c4 g6 3. Nc3 d5 4. cxd5 Nxd5 5. Bd2 Nb6 6. e3 Bg7 7. f4 c5 8. dxc5
N6d7 9. Ne4 Bxb2 10. Rb1 Bg7 11. Qc2 O-O 12. Nf3 e5 13. Bd3 exf4 14. exf4 Qc7
15. O-O Nc6 16. Rbc1 Nf6 17. Nd6 Ng4 18. h3 Nd4 19. Qa4 Bd7 20. Qb4 Nxf3+ 21.
Rxf3 a5 22. Qc4 Nf6 23. f5 Bc6 24. Rff1 Bd5 25. Qa4 Nh5 26. Rfe1 b6 27. Be3 Rad8
28. Ne4 gxf5 29. cxb6 Qb8 30. Nc3 Bxg2 31. Bxf5 Bf3 32. Qh4 Kh8 33. Bg4 Bf6 34.
Qf2 Bxg4 35. hxg4 Rg8 36. Ne2 Rxg4+ 37. Kf1 Qb7 38. Red1 Qh1+ 39. Ng1 Rdg8 40.
b7 Rxg1+ 41. Qxg1 Rxg1+ 42. Bxg1 Qxb7 43. Bf2 Nf4 0-1

[Event "CHN Team Women 2016"]
[Site "Wuxi CHN"]
[Date "2016.08.02"]
[Round "7.3"]
[Board "3"]
[White "Hu, Yue"]
[Black "Li, Yunshan"]
[Result "0-1"]
[BlackTitle "WFM"]
[WhiteElo "1893"]
[BlackElo "2045"]
[WhiteTeam "Jiangsu Lvyang"]
[BlackTeam "Chengdu"]
[WhiteFideId "8610339"]
[BlackFideId "8607664"]
[EventDate "2016.07.28"]

1. e4 e6 2. d4 d5 3. Nc3 dxe4 4. Nxe4 Bd7 5. Nf3 Bc6 6. Bd3 Nd7 7. Qe2 Ngf6 8.
Bg5 Be7 9. h4 h6 10. Bd2 Bxe4 11. Bxe4 Nxe4 12. Qxe4 c6 13. Rh3 Qb6 14. O-O-O
O-O-O 15. c3 Nf6 16. Qc2 Bd6 17. c4 Qc7 18. Kb1 Kb8 19. Bc3 Qe7 20. Re1 Bb4 21.
Ne5 Bxc3 22. Rxc3 Nd7 23. Nf3 Qd6 24. Ra3 c5 25. Rd1 Qc7 26. Rad3 Nb6 27. b3 Rd7
28. R1d2 Rhd8 29. Qd1 Kc8 30. g3 a6 31. Ne5 Rxd4 32. Rxd4 cxd4 33. Rxd4 f6 34.
Rxd8+ Qxd8 35. Qxd8+ Kxd8 36. Nd3 Nd7 37. Kc2 Kc7 38. Kc3 Kd6 39. Kd4 e5+ 40.
Ke4 g6 41. g4 Ke6 42. b4 f5+ 43. gxf5+ gxf5+ 44. Ke3 b6 45. Nb2 f4+ 46. Ke2 e4
47. a4 Ke5 48. c5 bxc5 49. b5 axb5 50. axb5 Nb6 51. f3 c4 52. fxe4 Kxe4 53. Nd1
Nd5 54. h5 c3 55. b6 f3+ 56. Ke1 c2 57. b7 c1=Q 58. b8=Q f2+ 59. Kxf2 Qxd1 60.
Qe8+ Kf4 61. Qf7+ Ke5 62. Qg7+ Nf6 63. Qg3+ Ke6 64. Qe3+ Kf7 65. Qa7+ Qd7 66.
Qa2+ Kg7 67. Qa5 Qd4+ 68. Kf1 Qd1+ 69. Kf2 Qxh5 70. Qc7+ Kg6 71. Qg3+ Qg5 72.
Qb8 h5 73. Ke1 h4 74. Qc7 Qg3+ 0-1

[Event "CHN Team Women 2016"]
[Site "Wuxi CHN"]
[Date "2016.08.02"]
[Round "7.4"]
[Board "1"]
[White "Ning, Kaiyu"]
[Black "Wang, Jue"]
[Result "0-1"]
[BlackTitle "WGM"]
[WhiteElo "1820"]
[BlackElo "2381"]
[WhiteTeam "Henan Qixie"]
[BlackTeam "Beijing Beiao"]
[WhiteFideId "8614750"]
[BlackFideId "8604070"]
[EventDate "2016.07.28"]

1. e4 c5 2. Nf3 d6 3. d4 cxd4 4. Nxd4 Nf6 5. Nc3 a6 6. Be2 e5 7. Nb3 Be7 8. Be3
Be6 9. Nd5 Nbd7 10. Qd3 O-O 11. O-O Bxd5 12. exd5 Rc8 13. c4 b6 14. Rac1 a5 15.
Rfd1 g6 16. Bh6 Re8 17. Nd2 Nc5 18. Qh3 Bf8 19. Bg5 Bg7 20. Qh4 e4 21. Nf1 Qe7
22. Ne3 Qe5 23. Bf4 Qe7 24. Bg5 Ncd7 25. Bg4 h6 26. Bxf6 Bxf6 27. Qh3 Rc7 28.
Bxd7 Rxd7 29. Qxh6 Bxb2 30. Rb1 Bg7 31. Qf4 f5 32. Rxb6 Be5 33. Qh6 Qf6 34. Nf1
e3 35. Rdb1 e2 36. Rb8 exf1=Q+ 37. Kxf1 Qf7 0-1

[Event "CHN Team Women 2016"]
[Site "Wuxi CHN"]
[Date "2016.08.02"]
[Round "7.4"]
[Board "2"]
[White "Wang, Yu A."]
[Black "Cai, Youyang"]
[Result "1-0"]
[WhiteTitle "IM"]
[WhiteElo "2359"]
[BlackElo "1791"]
[WhiteTeam "Beijing Beiao"]
[BlackTeam "Henan Qixie"]
[WhiteFideId "8601097"]
[BlackFideId "8616930"]
[EventDate "2016.07.28"]

1. e4 c5 2. Nf3 e6 3. d4 cxd4 4. Nxd4 a6 5. Nc3 Qc7 6. Bd3 Bc5 7. Nb3 Be7 8. Qe2
d6 9. O-O Nf6 10. f4 Nbd7 11. Bd2 O-O 12. Rfe1 g6 13. e5 Ne8 14. exd6 Bxd6 15.
Ne4 Be7 16. Bc3 Ndf6 17. Be5 Qb6+ 18. Bd4 Qc7 19. Ng5 Bd6 20. Qf2 Nh5 21. Qh4
Nef6 22. g4 h6 23. gxh5 hxg5 24. Qxg5 Nxh5 25. Qh6 f5 26. Qxg6+ Ng7 27. Bc4 Qf7
28. Rxe6 1-0

[Event "CHN Team Women 2016"]
[Site "Wuxi CHN"]
[Date "2016.08.02"]
[Round "7.4"]
[Board "3"]
[White "Bai, Xue"]
[Black "Liao, Rui"]
[Result "0-1"]
[WhiteElo "1762"]
[BlackElo "1837"]
[WhiteTeam "Henan Qixie"]
[BlackTeam "Beijing Beiao"]
[WhiteFideId "8608717"]
[BlackFideId "8605637"]
[EventDate "2016.07.28"]

1. e4 c6 2. d4 d5 3. Nd2 dxe4 4. Nxe4 Bf5 5. Ng3 Bg6 6. h4 h6 7. h5 Bh7 8. Nf3
Nd7 9. Bd3 Bxd3 10. Qxd3 e6 11. Bf4 Qa5+ 12. c3 Ngf6 13. Be5 Be7 14. Ne4 Qd5 15.
Nxf6+ Bxf6 16. Bf4 O-O 17. Qe2 c5 18. dxc5 Nxc5 19. O-O Qxh5 20. Be5 Bxe5 21.
Qxe5 Qxe5 22. Nxe5 Rfd8 23. Rfd1 Na4 24. Nc4 b5 25. Rxd8+ Rxd8 26. Na3 a6 27. c4
b4 28. Nc2 a5 29. b3 Nc5 30. Ne3 Rd2 31. f3 f5 32. g3 Kf7 33. Kf1 Kf6 34. a3
Nxb3 35. Rb1 Rd3 36. Ke2 Rc3 37. axb4 axb4 38. Nd1 Nd4+ 0-1

[Event "CHN Team Women 2016"]
[Site "Wuxi CHN"]
[Date "2016.08.02"]
[Round "7.5"]
[Board "1"]
[White "Xu, Fei"]
[Black "Zhai, Mo"]
[Result "1/2-1/2"]
[BlackTitle "WGM"]
[WhiteElo "1937"]
[BlackElo "2355"]
[WhiteTeam "Heilongjiang Qipai"]
[BlackTeam "Hebei Ticai"]
[WhiteFideId "8606099"]
[BlackFideId "8600201"]
[EventDate "2016.07.28"]

1. e4 c5 2. Nc3 Nc6 3. g3 g6 4. Bg2 Bg7 5. d3 e6 6. Be3 Nd4 7. Qd2 Ne7 8. Nd1 b6
9. Ne2 Bb7 10. O-O O-O 11. c3 Nxe2+ 12. Qxe2 d5 13. Bg5 d4 14. c4 Qd7 15. Bxe7
Qxe7 16. f4 Bc6 17. e5 Bxg2 18. Qxg2 f6 19. exf6 Bxf6 20. Nf2 Rae8 21. Rae1 Qd7
22. Ng4 Kg7 23. Nxf6 Rxf6 24. Re5 Rf5 25. Rfe1 Rxe5 26. Rxe5 Rf8 27. Qe4 Rf6 28.
b3 h5 29. h3 Qf7 30. h4 Qd7 1/2-1/2

[Event "CHN Team Women 2016"]
[Site "Wuxi CHN"]
[Date "2016.08.02"]
[Round "7.5"]
[Board "2"]
[White "Wang, Doudou"]
[Black "Hu, Yu A."]
[Result "1-0"]
[WhiteTitle "WIM"]
[WhiteElo "2214"]
[BlackElo "1934"]
[WhiteTeam "Hebei Ticai"]
[BlackTeam "Heilongjiang Qipai"]
[WhiteFideId "8603197"]
[BlackFideId "8609993"]
[EventDate "2016.07.28"]

1. d4 f5 2. Nc3 Nf6 3. Bg5 e6 4. e4 fxe4 5. Nxe4 Be7 6. Bxf6 Bxf6 7. Nf3 b6 8.
Bd3 Bb7 9. Qe2 Qe7 10. O-O-O Nc6 11. Nxf6+ gxf6 12. Rhe1 Nb4 13. Bc4 Qd6 14. Kb1
O-O-O 15. a3 Nd5 16. Ba6 Qc6 17. g3 Rde8 18. Qd3 Ne7 19. Nd2 Bxa6 20. Qxa6+ Qb7
21. Qd3 Nf5 22. Ne4 Rhf8 23. h4 d5 24. Nc3 Re7 25. Re2 Rfe8 26. Rde1 Nd6 27. g4
Kd7 28. Re3 Rg8 29. Rxe6 Rxe6 30. Qxh7+ Kc6 31. Rxe6 Rxg4 1-0

[Event "CHN Team Women 2016"]
[Site "Wuxi CHN"]
[Date "2016.08.02"]
[Round "7.5"]
[Board "3"]
[White "Jiang, Zhaoyi"]
[Black "Yang, Yijing"]
[Result "1/2-1/2"]
[WhiteTitle "WCM"]
[BlackTitle "WCM"]
[WhiteElo "1835"]
[BlackElo "1985"]
[WhiteTeam "Heilongjiang Qipai"]
[BlackTeam "Hebei Ticai"]
[WhiteFideId "8611050"]
[BlackFideId "8608601"]
[EventDate "2016.07.28"]

1. d4 Nf6 2. Nf3 g6 3. g3 Bg7 4. Bg2 d5 5. O-O O-O 6. c4 c6 7. b3 Ne4 8. Bb2 Nd7
9. Nbd2 f5 10. e3 h6 11. Qe2 b6 12. Rac1 Ba6 13. Rfd1 g5 14. Ne5 Nxe5 15. dxe5
Qe8 16. f4 c5 17. Nxe4 dxe4 18. Qd2 Rd8 19. Qe2 Qc6 20. Bf1 g4 21. Rxd8 Rxd8 22.
Rd1 Rd7 23. Rd2 Bc8 24. Qd1 e6 25. Bc3 Bf8 26. Rxd7 Qxd7 27. Be2 h5 28. Qxd7
Bxd7 29. Kf2 Kf7 30. Be1 Be7 1/2-1/2

[Event "CHN Team Women 2016"]
[Site "Wuxi CHN"]
[Date "2016.08.02"]
[Round "7.6"]
[Board "1"]
[White "Zhou, Zirun"]
[Black "Xie, Libeilei"]
[Result "1/2-1/2"]
[WhiteElo "1938"]
[BlackElo "1534"]
[WhiteTeam "Shanxi Huxiaoling"]
[BlackTeam "Shaanxi"]
[WhiteFideId "8610975"]
[BlackFideId "8610762"]
[EventDate "2016.07.28"]

1. e4 c5 2. Nf3 d6 3. d4 Nf6 4. Nc3 cxd4 5. Nxd4 g6 6. Be3 Bg7 7. f3 O-O 8. Qd2
Nc6 9. O-O-O d5 10. exd5 Nxd5 11. Nxc6 bxc6 12. Nxd5 cxd5 13. Qxd5 Qc7 14. Qxa8
Bf5 15. Qxf8+ Kxf8 16. Rd2 e6 17. Be2 Qb8 18. b3 Qb4 19. Rd8+ Ke7 20. Bg5+ f6
21. Rhd1 fxg5 22. R1d7+ Kf6 23. g4 Qe1+ 24. Bd1 Qe3+ 25. Kb1 Qe5 26. Rg8 Bh6 27.
Rxh7 Qd6 28. Be2 Bxc2+ 29. Kxc2 Qxh2 30. Kd1 Qd6+ 31. Kc2 Qh2 32. Kd1 Qd6+ 33.
Kc2 Ke5 1/2-1/2

[Event "CHN Team Women 2016"]
[Site "Wuxi CHN"]
[Date "2016.08.02"]
[Round "7.7"]
[Board "1"]
[White "Li, Xueyi"]
[Black "Yao, Lan"]
[Result "1-0"]
[WhiteElo "2176"]
[BlackElo "2131"]
[WhiteTeam "Guangdong"]
[BlackTeam "Qingdao"]
[WhiteFideId "8605912"]
[BlackFideId "8610835"]
[EventDate "2016.07.28"]

1. d4 Nf6 2. c4 e6 3. g3 Bb4+ 4. Bd2 a5 5. Bg2 O-O 6. e4 d6 7. Nc3 e5 8. d5 Bxc3
9. Bxc3 b6 10. Ne2 Ba6 11. b3 Nbd7 12. O-O a4 13. Qc2 b5 14. cxb5 Bxb5 15. b4
Nb6 16. Rfc1 Qd7 17. Be1 Rfc8 18. Nc3 c6 19. dxc6 Bxc6 20. Qd3 Qe6 21. Bd2 d5
22. Nxd5 Nbxd5 23. exd5 Bxd5 24. Bxd5 Nxd5 25. a3 Rd8 26. Qe2 h6 27. Rc5 Rac8
28. Rac1 Rxc5 29. bxc5 Nf6 30. c6 Rc8 31. c7 Nd5 32. Ba5 Ne7 33. Qb5 e4 34. Rd1
Kh7 35. Rd8 Qb3 36. Qd7 e3 37. Qxe7 Qb1+ 38. Kg2 Qb7+ 39. f3 Qb2+ 40. Kh3 Qb5
41. Qxf7 1-0

[Event "CHN Team Women 2016"]
[Site "Wuxi CHN"]
[Date "2016.08.02"]
[Round "7.7"]
[Board "2"]
[White "Hong, Xing"]
[Black "Liu, Manli"]
[Result "1/2-1/2"]
[WhiteElo "2002"]
[BlackElo "2035"]
[WhiteTeam "Qingdao"]
[BlackTeam "Guangdong"]
[WhiteFideId "8606129"]
[BlackFideId "8608121"]
[EventDate "2016.07.28"]

1. e4 c5 2. Nf3 d6 3. d4 cxd4 4. Nxd4 Nf6 5. Nc3 g6 6. Be3 Bg7 7. f3 O-O 8. Qd2
Nc6 9. Bc4 Bd7 10. O-O-O Ne5 11. Bb3 Rc8 12. Kb1 Re8 13. Bh6 Bxh6 14. Qxh6 Rxc3
15. bxc3 a5 16. a4 Qb6 17. h4 Bxa4 18. h5 Bxb3 19. cxb3 Nc6 20. hxg6 Nxd4 21.
gxh7+ Kh8 22. cxd4 Qxb3+ 23. Ka1 Qa3+ 24. Kb1 Qb3+ 25. Ka1 Qa3+ 26. Kb1 Qb3+ 27.
Ka1 Qa3+ 1/2-1/2